| 000 | 00641nam a2200193 i 4500 | ||
|---|---|---|---|
| 001 | 144704 | ||
| 003 | ES-MaACL | ||
| 005 | 20230906201059.0 | ||
| 007 | t| | ||
| 008 | 070214s1986 sp r ||||1| spa d | ||
| 020 | _a84-206-9496-7 | ||
| 100 | 1 |
_aSkidelsky, Robert. _9106741 |
|
| 245 | 1 | 0 |
_aJohn Maynard Keynes. _n1, _pEsperanzas frustradas, 1883-1920 / _cRobert Skidelsky ; versión española de Juan Carlos Zapatero. |
| 260 |
_aMadrid : _bAlianza Editorial, _c1986. |
||
| 300 |
_a1 v. : _bil. ; _c24 cm. |
||
| 600 | 1 | 4 |
_aKeynes, John Maynard ( _d1883-1946) _967979 |
| 700 | 1 |
_aZapatero, Juan Carlos. _9118007 |
|
| 852 |
_aES-MaACL _jP-193 |
||
| 999 |
_c144704 _d144704 |
||